[Event "Mumbai Aurionpro U14 op"]
[Site "Mumbai"]
[Date "2025.06.17"]
[Round "2"]
[White "Mahir, Taneja"]
[Black "Krish Ryan, Krishna"]
[Result "1-0"]
[WhiteElo "1896"]
[BlackElo "1696"]
[PlyCount "149"]
[EventDate "2025.06.16"]
[EventType "swiss"]
[EventRounds "9"]
[EventCountry "IND"]
[SourceTitle "CB26_2025"]
[SourceDate "2025.06.25"]
[SourceVersion "1"]
[SourceVersionDate "2025.06.25"]
[SourceQuality "1"]

1. e4 d6 2. d4 Nf6 3. Bd3 e5 4. c3 d5 5. dxe5 Nxe4 6. Bxe4 dxe4 7. Qxd8+ Kxd8 8. Nd2 Nc6 9. Nxe4 Nxe5 10. Bg5+ Be7 11. 0-0-0+ Ke8 12. Bf4 f6 13. Bxe5 fxe5 14. Re1 Kf7 15. Nf3 Bf6 16. Neg5+ Kf8 17. h4 h6 18. Nh3 Bxh3 19. Rxh3 Re8 20. Nd2 Kf7 21. Ne4 Rhf8 22. Rhh1 Kg8 23. Re2 Bd8 24. g3 c6 25. Nd2 Bb6 26. f3 Re7 27. Rhe1 Rfe8 28. f4 Bc7 29. Re4 Kf7 30. f5 h5 31. Rf1 g6 32. fxg6+ Kxg6 33. g4 Rh8 34. gxh5+ Rxh5 35. Rg4+ Kh7 36. Ne4 Rh6 37. Nf6+ Rxf6 38. Rxf6 Rg7 39. Rxg7+ Kxg7 40. Rf1 Bd8 41. Rd1 Bxh4 42. Rd7+ Kf6 43. Rxb7 Bf2 44. Rc7 Ke6 45. Rxc6+ Kd5 46. Rf6 Bb6 47. Kd2 e4 48. Rf1 a5 49. Rf5+ Kc6 50. Re5 e3+ 51. Rxe3 Bxe3+ 52. Kxe3 Kc5 53. Kd3 Kd5 54. c4+ Kc5 55. Kc3 a4 56. b3 axb3 57. axb3 Kb6 58. b4 Kc6 59. Kd4 Kd6 60. c5+ Kc6 61. Kc4 Kc7 62. b5 Kb7 63. Kd5 Kc7 64. Ke6 Kb7 65. Kd7 Ka8 66. c6 Kb8 67. c7+ Ka7 68. c8Q Kb6 69. Qc6+ Ka5 70. b6 Kb4 71. b7 Ka5 72. Qc3+ Ka4 73. Qb2 Ka5 74. b8R Ka6 75. Ra8# 1-0